| 000 | 00433nam a22001697a 4500 | ||
|---|---|---|---|
| 999 |
_c189366 _d189366 |
||
| 005 | 20220624125022.0 | ||
| 010 | _aENG-133383 | ||
| 020 |
_a9789382782056 _c400.00 |
||
| 035 | _aEN-116915 | ||
| 037 | _bDBAD/PUB | ||
| 082 | _a660.2 | ||
| 245 | _aThe Engineering Chemistry/ | ||
| 250 | _aFirst Edition | ||
| 260 | _bChitkara University Publication | ||
| 300 |
_avp. _c23cm(pbk) |
||
| 942 |
_2ddc _cEN _h660.2 _mTHE |
||